00733nam a2200241 a 4500001001300000003000900013005001700022008004100039020002400080082001500104100001800119245004800137260005000185300000900235500003500244505001000279650002000289700001800309902000800327942000700335952013200342999001700474nice12345678IN_TiNIC20260116014941.0050524s1981 cama grp 000 0 eng  a0521798 c135000a297.2bCOO aCook, Michael aEarly Muslim Dogmab Source-Critical Study. aCambridge bCambridge University Press c1981 a242p aincludes index and biblioraphy2 aIndex aIslam-Doctrines1 aCook, Michael bSRS cBK 001040708StackRoom-aHMIbHMId2007-07-05g1350.00l1o297.2 COOp11001113r2018-02-02s2018-01-29v1350.00w2005-05-24yBK c17681d17681